Countries of North America with a bad map - Statistics

General Stats
  • This quiz has been taken 32 times
  • The average score is 22 of 23
Answers on the Map
Answers color-coded by a green-red scale on the quiz's map according to % correct below.
 
Answer Stats
Country % Correct
Bahamas
100%
Belize
100%
Canada
100%
Cuba
100%
Haiti
100%
Mexico
100%
Panama
100%
Costa Rica
96%
Dominica
96%
El Salvador
96%
Nicaragua
96%
United States
96%
Barbados
92%
Dominican Republic
92%
Grenada
92%
Guatemala
92%
Honduras
92%
Jamaica
92%
Saint Kitts and Nevis
92%
Antigua and Barbuda
88%
Saint Lucia
88%
Saint Vincent and the Grenadines
88%
Trinidad and Tobago
84%
No matching quizzes found
Score Distribution
Percent of People with Each Score
Percentile by Number Answered
Your Score History
You have not taken this quiz